000 00463nam a2200181Ia 4500
005 20250317123551.0
008 008 250317s9999 xx 000 0 eng d
037 _aTextbook
040 _aFMSL
_beng
_cFMSL
041 _aeng
_2eng
084 _aB L2
_qFMSL
100 _aSingh J
_9339649
245 0 _aMathematical ideas
260 _aEnglnad
_bEnglnad, B I
_c1972
300 _a312p
942 _cTB
_hB L2
999 _c1251810
_d1251810